Sports Quiz

Random Sports or Basketball Quiz

NBA Last Top 5 Draft Pick (per Team) Quiz Stats

 Plays Quiz Updated Jul 30, 2021

Support Sporcle.
Go Orange.
Score 0/30 Timer 06:00
35 Plays Today
Team Player % Correct
Chicago BullsPatrick Williams
88.1%
New Orleans PelicansZion Williamson
82.9%
Los Angeles ClippersBlake Griffin
81%
San Antonio SpursTim Duncan
77.6%
Denver NuggetsCarmelo Anthony
75.9%
Cleveland CavaliersEvan Mobley
72.7%
Los Angeles LakersLonzo Ball
72.4%
Houston RocketsJalen Green
71%
Dallas MavericksTrae Young
70.5%
Boston CelticsJayson Tatum
70.1%
Philadelphia 76ersMarkelle Fultz
67.8%
Oklahoma City ThunderJames Harden
66.8%
Portland Trail BlazersGreg Oden
64.4%
Atlanta HawksDe'Andre Hunter
63.5%
Milwaukee BucksJabari Parker
60.9%
Team Player % Correct
Minnesota TimberwolvesAnthony Edwards
56.8%
Detroit PistonsCade Cunningham
53.8%
New York KnicksR.J. Barrett
51.5%
Washington WizardsOtto Porter
49.4%
Phoenix SunsDeandre Ayton
48.3%
Miami HeatMichael Beasley
47.9%
Charlotte HornetsLaMelo Ball
46.6%
Memphis GrizzliesJa Morant
46.5%
Sacramento KingsMarvin Bagley
45.8%
Orlando MagicJalen Suggs
44.2%
Utah JazzDante Exum
33.8%
New Jersey NetsDerrick Favors
30.8%
Indiana PacersRik Smits
24.5%
Toronto RaptorsScottie Barnes
24.4%
Golden State WarriorsJames Wiseman
14.7%

From the Vault

Languages in US Education

by gazzso

Konnichiwa. Cómo estás? Sprechen sie Sporcle?
Remove Ads.
Support Sporcle.
Get the best of Sporcle when you Go Orange. This ad-free experience offers more features, more stats, and more fun while also helping to support Sporcle. Thank you for becoming a member.

Show Comments

Extras

Top Quizzes Today


Score Distribution

Your Account Isn't Verified!

In order to create a playlist on Sporcle, you need to verify the email address you used during registration. Go to your Sporcle Settings to finish the process.

Report this User

Report this user for behavior that violates our Community Guidelines.

Details: